000 00430nam a2200181Ia 4500
001 2999
005 20260306144848.0
008 260306t2002||||xx |||||||||||||| ||spa||
041 _aESP
082 _a240
_bM55
100 _aMifsud , Tony [1949-...]
_eAUT
245 0 _aMoral fundamental:
_bel discernimiento cristiano
260 _c2002
300 _a
_c21 cm.
650 _aGEN
654 _aCHU
942 _cLIB
_dJUS
_fJUS
_2ddc
_n
999 _c2999
_d2999